[Event "Titled Tuesday intern op 28th Mar Early"]
[Site "Chess.com INT"]
[Date "2023.03.28"]
[Round "9"]
[White "Bongo Akanga Ndjila, Barthelemy"]
[Black "Gronnestad, Anita"]
[Result "1-0"]
[WhiteElo "1824"]
[BlackElo "1944"]
[PlyCount "137"]
[EventDate "2023.03.28"]
[EventType "swiss (blitz)"]
[EventRounds "11"]
[EventCountry "USA"]
[SourceTitle "EXT 2024"]
[Source "ChessBase"]
[SourceDate "2023.10.10"]
[SourceVersion "1"]
[SourceVersionDate "2023.10.10"]
[SourceQuality "1"]

1. d4 d5 2. c4 e6 3. Nc3 Nf6 4. cxd5 exd5 5. Bg5 Be7 6. e3 0-0 7. Qc2 Nbd7 8. Bd3 Re8 9. Nf3 Nf8 10. 0-0 g6 11. Bxf6 Bxf6 12. b4 Ne6 13. Rab1 Ng7 14. a4 Bf5 15. Bxf5 Nxf5 16. Qb3 c6 17. b5 Qd6 18. h3 Rac8 19. Rfd1 Bg7 20. a5 Qe7 21. a6 Nxe3 22. axb7 Nxd1 23. bxc8Q Rxc8 24. Rxd1 cxb5 25. Nxd5 Qd6 26. Qxb5 Rb8 27. Qa5 Rd8 28. Ne3 a6 29. d5 h6 30. Nd4 Rb8 31. Nc6 Ra8 32. Nc4 Qf4 33. Nb6 Re8 34. Qxa6 g5 35. d6 Be5 36. g3 Qf3 37. Rd3 Qxc6 38. d7 Rd8 39. Qa7 Bc7 40. Nd5 Rxd7 41. Qd4 Rxd5 42. Qxd5 Qc1+ 43. Kg2 Bb6 44. Qe4 Qc5 45. Rf3 Kg7 46. Qf5 Qc7 47. Qf6+ Kg8 48. Qxh6 Qe7 49. Qf6 Qc7 50. Qxg5+ Kf8 51. Qh6+ Ke7 52. Qg5+ Ke8 53. Qg8+ Ke7 54. Rxf7+ Kd6 55. Rxc7 Kxc7 56. Qf7+ Kc6 57. Qf3+ Kc5 58. Qe3+ Kd6 59. Qxb6+ Kd5 60. h4 Ke5 61. h5 Kf5 62. h6 Kg5 63. h7 Kg4 64. h8Q Kg5 65. Qh4+ Kf5 66. Qb5+ Ke6 67. Qh6+ Kf7 68. Qb7+ Kg8 69. Qhg7# 1-0

[Event "Titled Tuesday intern op 08th Nov Early"]
[Site "Chess.com INT"]
[Date "2022.11.08"]
[Round "4"]
[White "Forgacs, Attila Jr"]
[Black "Gronnestad, Anita"]
[Result "1-0"]
[WhiteElo "2286"]
[BlackElo "1944"]
[PlyCount "89"]
[EventDate "2022.11.08"]
[EventType "swiss (blitz)"]
[EventRounds "11"]
[EventCountry "USA"]
[SourceTitle "EXT 2024"]
[Source "ChessBase"]
[SourceDate "2023.10.10"]
[SourceVersion "1"]
[SourceVersionDate "2023.10.10"]
[SourceQuality "1"]

1. e4 c6 2. d4 d5 3. e5 c5 4. dxc5 Nc6 5. a3 Nxe5 6. b4 Nf6 7. Bb5+ Nc6 8. Nf3 Bg4 9. h3 Bxf3 10. Qxf3 e6 11. 0-0 a6 12. Ba4 Be7 13. Bb2 0-0 14. Nd2 Re8 15. Rad1 Qc7 16. c4 Rad8 17. Rfe1 Rd7 18. cxd5 Nxd5 19. Nc4 Red8 20. Ne5 Bf6 21. Nxd7 Bxb2 22. Nb6 Nd4 23. Qg3 Qxg3 24. fxg3 Nxb6 25. cxb6 Rc8 26. Re4 e5 27. Kh2 f6 28. g4 Bxa3 29. g5 Bxb4 30. gxf6 gxf6 31. Rf1 Kg7 32. Rg4+ Kf7 33. Rh4 Kg6 34. Bd1 Rc3 35. Bh5+ Kg7 36. Rg4+ Kh6 37. Be8 f5 38. Rg8 a5 39. Bf7 a4 40. Bd5 a3 41. Bxb7 a2 42. Bd5 Ra3 43. b7 e4 44. b8Q Bd6+ 45. Qxd6+ 1-0

[Event "Fagernes Autumn op"]
[Site "Fagernes"]
[Date "2022.10.16"]
[Round "9"]
[White "Gronnestad, Anita"]
[Black "Myagmarsuren, Evsuld"]
[Result "0-1"]
[WhiteElo "1970"]
[BlackElo "1952"]
[PlyCount "58"]
[EventDate "2022.10.09"]
[EventType "swiss"]
[EventRounds "9"]
[EventCountry "NOR"]
[SourceTitle "CBM 210 Extra"]
[Source "ChessBase"]
[SourceDate "2022.11.30"]
[SourceVersion "1"]
[SourceVersionDate "2022.11.30"]
[SourceQuality "1"]

1. d4 d5 2. c4 c6 3. Nf3 e6 4. Nc3 Nf6 5. Bg5 Nbd7 6. e3 Qa5 7. Nd2 Bb4 8. Qc2 0-0 9. Be2 c5 10. 0-0 cxd4 11. exd4 dxc4 12. Bxf6 Nxf6 13. Nxc4 Qg5 14. f4 Qh6 15. Rad1 Rd8 16. Rd3 g6 17. Ne5 Bd7 18. g4 Qg7 19. g5 Nd5 20. Nxd7 Rxd7 21. Qa4 Re7 22. Ne4 Rc7 23. a3 Be7 24. h4 h5 25. Qb3 Rac8 26. Qd1 Nxf4 27. Nf6+ Bxf6 28. gxf6 Qxf6 29. Bxh5 Rc1 0-1

[Event "Fagernes Autumn op"]
[Site "Fagernes"]
[Date "2022.10.09"]
[Round "1"]
[White "Gronnestad, Anita"]
[Black "Kvaloy, Aksel Bu"]
[Result "0-1"]
[WhiteElo "1970"]
[BlackElo "2278"]
[PlyCount "82"]
[EventDate "2022.10.09"]
[EventType "swiss"]
[EventRounds "9"]
[EventCountry "NOR"]
[SourceTitle "CBM 210 Extra"]
[Source "ChessBase"]
[SourceDate "2022.11.30"]
[SourceVersion "1"]
[SourceVersionDate "2022.11.30"]
[SourceQuality "1"]

1. d4 Nf6 2. c4 e6 3. Nf3 d5 4. Nc3 Bb4 5. cxd5 exd5 6. Bg5 h6 7. Bh4 0-0 8. e3 Bf5 9. Be2 Nbd7 10. 0-0 c6 11. Qb3 a5 12. Rac1 Re8 13. a3 Bxc3 14. bxc3 b5 15. h3 a4 16. Qb4 g5 17. Bg3 Ne4 18. Bh2 Qe7 19. Rfd1 Qe6 20. Bd3 Bxh3 21. gxh3 Qxh3 22. Bxe4 Rxe4 23. Qd6 Nf8 24. Bg3 Ng6 25. Qxc6 Rd8 26. Qf6 Rde8 27. Qd6 Rg4 28. Qxd5 Rxe3 29. Nh2 Nf4 30. Qa8+ Kg7 31. Kh1 Rexg3 32. fxg3 Ne2 33. Rg1 Rxg3 34. Rxg3 Nxg3+ 35. Kg1 Ne2+ 36. Kh1 Ng3+ 37. Kg1 Ne2+ 38. Kh1 Nxc1 39. Qe4 Nd3 40. Qe2 Qg3 41. Ng4 h5 0-1

[Event "Titled Tuesday intern op 12th Jul Early"]
[Site "Chess.com INT"]
[Date "2022.07.12"]
[Round "1"]
[White "Gronnestad, Anita"]
[Black "Blomqvist, Erik"]
[Result "0-1"]
[WhiteElo "1968"]
[BlackElo "2521"]
[PlyCount "116"]
[EventDate "2022.07.12"]
[EventType "swiss (blitz)"]
[EventRounds "11"]
[EventCountry "USA"]
[SourceTitle "EXT 2023"]
[Source "ChessBase"]
[SourceDate "2022.10.05"]
[SourceVersion "1"]
[SourceVersionDate "2022.10.05"]
[SourceQuality "1"]

1. d4 Nf6 2. c4 e6 3. Nf3 Bb4+ 4. Bd2 Bxd2+ 5. Qxd2 d5 6. g3 0-0 7. Bg2 c6 8. 0-0 dxc4 9. Ne5 b5 10. Nxc6 Nxc6 11. Bxc6 Rb8 12. Nc3 b4 13. Ne4 Nxe4 14. Bxe4 Bb7 15. Bxb7 Rxb7 16. Rac1 Qd5 17. e4 Qxe4 18. Rxc4 a5 19. Rfc1 Rd7 20. b3 Rfd8 21. Re1 Rxd4 22. Qxd4 Qxd4 23. Rxd4 Rxd4 24. Rc1 g5 25. Rc5 Rd5 26. Rc8+ Kg7 27. Kg2 Rd2 28. Rc5 Rd5 29. Rc7 g4 30. Ra7 h5 31. h3 Kg6 32. hxg4 hxg4 33. Kf1 f5 34. Ra6 Kf6 35. Ke2 Ke5 36. Ke3 Rc5 37. Kd3 Kd5 38. Ra8 Rc3+ 39. Kd2 Rc5 40. Kd3 Rc3+ 41. Kd2 Ke4 42. Rxa5 Kf3 43. Rb5 Kxf2 44. Rxb4 Rc6 45. a4 Kxg3 46. a5 f4 47. Rb6 Rc7 48. a6 Ra7 49. Rxe6 f3 50. b4 Kg2 51. b5 f2 52. Rf6 f1Q 53. Rxf1 Kxf1 54. Kd3 g3 55. Kc4 g2 56. b6 Rxa6 57. Kc5 Rxb6 58. Kxb6 g1Q+ 0-1

[Event "Titled Tuesday intern op 12th Jul Late"]
[Site "Chess.com INT"]
[Date "2022.07.12"]
[Round "4"]
[White "Gronnestad, Anita"]
[Black "Jorajuria Mendoza, Algol"]
[Result "0-1"]
[WhiteElo "1968"]
[BlackElo "2157"]
[PlyCount "42"]
[EventDate "2022.07.12"]
[EventType "swiss (blitz)"]
[EventRounds "11"]
[EventCountry "USA"]
[SourceTitle "EXT 2023"]
[Source "ChessBase"]
[SourceDate "2022.10.05"]
[SourceVersion "1"]
[SourceVersionDate "2022.10.05"]
[SourceQuality "1"]

1. d4 Nf6 2. c4 e6 3. Nf3 d5 4. Nc3 Bb4 5. Qc2 0-0 6. g3 c5 7. cxd5 Nxd5 8. Bg2 cxd4 9. Nxd4 Nxc3 10. bxc3 Qxd4 11. 0-0 Qxc3 12. Qb1 Nc6 13. Bb2 Qc4 14. Rc1 Qg4 15. Qd3 Rd8 16. Qb5 Bf8 17. Rxc6 bxc6 18. Bxc6 Bd7 19. Bxd7 Rab8 20. Qa4 Qxa4 21. Bxa4 Rxb2 0-1

[Event "Titled Tuesday intern op 12th Jul Early"]
[Site "Chess.com INT"]
[Date "2022.07.12"]
[Round "11"]
[White "Gronnestad, Anita"]
[Black "Lohani, Sujana"]
[Result "1/2-1/2"]
[WhiteElo "1968"]
[BlackElo "1697"]
[PlyCount "111"]
[EventDate "2022.07.12"]
[EventType "swiss (blitz)"]
[EventRounds "11"]
[EventCountry "USA"]
[SourceTitle "EXT 2023"]
[Source "ChessBase"]
[SourceDate "2022.10.05"]
[SourceVersion "1"]
[SourceVersionDate "2022.10.05"]
[SourceQuality "1"]

1. d4 b6 2. e4 Bb7 3. Nc3 g6 4. Nge2 Bg7 5. g3 d6 6. Bg2 Nd7 7. 0-0 e6 8. f4 Ne7 9. g4 c5 10. Nb5 Nf6 11. Nxd6+ Qxd6 12. e5 Qc7 13. exf6 Bxf6 14. dxc5 Bxg2 15. Kxg2 Qxc5 16. Qd3 0-0 17. Be3 Qc6+ 18. Rf3 Bxb2 19. Rd1 Rad8 20. Qxd8 Rxd8 21. Rxd8+ Kg7 22. c3 f6 23. Nd4 Qe4 24. Rd6 e5 25. fxe5 fxe5 26. Ne6+ Kh8 27. Rd8+ Ng8 28. Rxg8+ Kxg8 29. Kg3 Qa8 30. Bh6 e4 31. Rf8+ Qxf8 32. Bxf8 Kf7 33. Ng5+ Kxf8 34. Nxe4 Ke7 35. Kf4 h6 36. h4 Ke6 37. g5 h5 38. Kf3 Bc1 39. Ke2 Bf4 40. Kd3 Ke5 41. c4 Ke6 42. a4 Be5 43. Ke3 a6 44. Kf3 Bd4 45. Nd2 Bc3 46. Ne4 Be1 47. c5 bxc5 48. Nxc5+ Kd5 49. Nxa6 Bxh4 50. Kf4 Kc6 51. Nb4+ Kb6 52. Nd3 Ka5 53. Ne5 Kxa4 54. Nxg6 Bxg5+ 55. Kxg5 h4 56. Kxh4 1/2-1/2

[Event "Titled Tuesday intern op 12th Jul Early"]
[Site "Chess.com INT"]
[Date "2022.07.12"]
[Round "7"]
[White "Gronnestad, Anita"]
[Black "Mikhalsky, Vladimir"]
[Result "0-1"]
[WhiteElo "1968"]
[BlackElo "2269"]
[PlyCount "40"]
[EventDate "2022.07.12"]
[EventType "swiss (blitz)"]
[EventRounds "11"]
[EventCountry "USA"]
[SourceTitle "EXT 2023"]
[Source "ChessBase"]
[SourceDate "2022.10.05"]
[SourceVersion "1"]
[SourceVersionDate "2022.10.05"]
[SourceQuality "1"]

1. d4 Nf6 2. c4 g6 3. Nf3 Bg7 4. g3 0-0 5. Bg2 d6 6. 0-0 Nbd7 7. Nc3 e5 8. b3 Re8 9. Bb2 e4 10. Nd2 e3 11. fxe3 Rxe3 12. Nde4 Nxe4 13. Nxe4 f5 14. Nd2 Qe7 15. Bd5+ Kh8 16. Bf3 Nc5 17. dxc5 Bxb2 18. cxd6 Qxd6 19. Qc2 Bxa1 20. Rxa1 Qd4 0-1

[Event "Titled Tuesday intern op 12th Jul Early"]
[Site "Chess.com INT"]
[Date "2022.07.12"]
[Round "9"]
[White "Gronnestad, Anita"]
[Black "Rose, Felix"]
[Result "1-0"]
[WhiteElo "1968"]
[BlackElo "2091"]
[PlyCount "99"]
[EventDate "2022.07.12"]
[EventType "swiss (blitz)"]
[EventRounds "11"]
[EventCountry "USA"]
[SourceTitle "EXT 2023"]
[Source "ChessBase"]
[SourceDate "2022.10.05"]
[SourceVersion "1"]
[SourceVersionDate "2022.10.05"]
[SourceQuality "1"]

1. d4 d5 2. c4 e6 3. Nf3 Nf6 4. Nc3 Be7 5. Bg5 Nbd7 6. e3 h6 7. Bh4 0-0 8. Qc2 c5 9. Rd1 Qa5 10. cxd5 Nxd5 11. Bxe7 Nxe7 12. Be2 cxd4 13. Nxd4 Nd5 14. Nb3 Qb4 15. a3 Qb6 16. Nxd5 exd5 17. Rxd5 Nf6 18. Rd1 Be6 19. Nd4 Rac8 20. Qb1 Qa5+ 21. b4 Qxa3 22. 0-0 Bg4 23. Bxg4 Nxg4 24. Nf5 Rc4 25. Rd4 Rxd4 26. exd4 Rd8 27. d5 Nf6 28. Rd1 a5 29. bxa5 Qxa5 30. Qxb7 Rd7 31. Qb8+ Qd8 32. Qg3 g6 33. Nxh6+ Kh7 34. Ng4 Nxg4 35. Qxg4 Rxd5 36. Rxd5 Qxd5 37. h3 Kg7 38. Kh2 Qe5+ 39. f4 Qd5 40. h4 Kh7 41. Qg5 Qe4 42. Kg3 Qe1+ 43. Kh2 Qe3 44. Qf6 Kg8 45. Qd8+ Kg7 46. Qg5 Kg8 47. h5 Kg7 48. h6+ Kh7 49. Qf6 Qb3 50. Qg7# 1-0

[Event "Titled Tuesday intern op 12th Jul Early"]
[Site "Chess.com INT"]
[Date "2022.07.12"]
[Round "2"]
[White "Gronnestad, Anita"]
[Black "Silva Lucena, Cristian"]
[Result "0-1"]
[WhiteElo "1968"]
[BlackElo "2212"]
[PlyCount "162"]
[EventDate "2022.07.12"]
[EventType "swiss (blitz)"]
[EventRounds "11"]
[EventCountry "USA"]
[SourceTitle "EXT 2023"]
[Source "ChessBase"]
[SourceDate "2022.10.05"]
[SourceVersion "1"]
[SourceVersionDate "2022.10.05"]
[SourceQuality "1"]

1. d4 d5 2. c4 e6 3. Nf3 c6 4. Nc3 dxc4 5. a4 Bb4 6. e4 b5 7. Bd2 a5 8. Be2 Nf6 9. e5 Bxc3 10. Bxc3 Ne4 11. 0-0 Nxc3 12. bxc3 Nd7 13. Qc2 0-0 14. h4 h6 15. Rfb1 Rb8 16. g3 Ba6 17. Kg2 Qc7 18. Rd1 Ra8 19. Rh1 Bb7 20. Kh2 Nb6 21. Nd2 Nxa4 22. Nxc4 bxc4 23. Rxa4 c5 24. Rxc4 Qc6 25. f3 a4 26. Rxc5 Qd7 27. Ra1 a3 28. Rb5 Bc6 29. Rb6 Qc7 30. Qb3 a2 31. Kg2 h5 32. Kf2 g6 33. Bc4 Rfc8 34. Ra6 Rab8 35. Qxa2 Bb7 36. Ra4 Qc6 37. Be2 Qxc3 38. Ra7 Bd5 39. Qa5 Qxd4+ 40. Kg2 Rb2 41. Re1 Qe3 42. Qa6 Bxf3+ 43. Kh3 Bg4+ 44. Bxg4 hxg4+ 45. Kxg4 Qd4+ 46. Kh3 Rcc2 47. Ra8+ Kg7 48. Rh1 Qxe5 49. Qd3 Qf6 50. Qe4 Rc3 51. Qg4 Rbb3 52. Rg1 Qf2 53. Rg2 Qf1 54. Raa2 Qh1+ 55. Rh2 Rxg3+ 56. Qxg3 Rxg3+ 57. Kxg3 Qe1+ 58. Raf2 Qe3+ 59. Kg2 Qe4+ 60. Kf1 Qb1+ 61. Kg2 e5 62. Rh3 Qe4+ 63. Rhf3 Qd4 64. Kg3 f5 65. h5 e4 66. Rf4 Qe3+ 67. Kg2 Qd3 68. hxg6 e3 69. Rf1 e2 70. Re1 Qd5+ 71. Kf2 Qd2 72. Rxe2 Qxf4+ 73. Ke1 Qg4 74. Kd2 Kxg6 75. Ke3 f4+ 76. Kf2 Qg3+ 77. Kf1 f3 78. Re6+ Kf5 79. Rf6+ Ke5 80. Re6+ Kd5 81. Re2 fxe2+ 0-1

[Event "Titled Tuesday intern op 12th Jul Late"]
[Site "Chess.com INT"]
[Date "2022.07.12"]
[Round "9"]
[White "Hoffmann, Asa"]
[Black "Gronnestad, Anita"]
[Result "1-0"]
[WhiteElo "2185"]
[BlackElo "1968"]
[PlyCount "91"]
[EventDate "2022.07.12"]
[EventType "swiss (blitz)"]
[EventRounds "11"]
[EventCountry "USA"]
[SourceTitle "EXT 2023"]
[Source "ChessBase"]
[SourceDate "2022.10.05"]
[SourceVersion "1"]
[SourceVersionDate "2022.10.05"]
[SourceQuality "1"]

1. d4 d5 2. Bg5 h6 3. Bh4 c5 4. e3 Nc6 5. c3 Qb6 6. Qb3 c4 7. Qxb6 axb6 8. a3 b5 9. Nd2 Bf5 10. f3 b4 11. e4 bxc3 12. bxc3 dxe4 13. fxe4 Bh7 14. Bxc4 e6 15. a4 Nf6 16. Ngf3 Nxe4 17. Nxe4 Bxe4 18. Kf2 Bd6 19. Rhe1 Bxf3 20. gxf3 0-0 21. Bg3 Be7 22. d5 exd5 23. Bxd5 Bf6 24. Bxc6 bxc6 25. Be5 Bh4+ 26. Bg3 Bf6 27. Rec1 Rfd8 28. a5 Rd2+ 29. Ke3 Rd5 30. a6 Re8+ 31. Kf2 Rd2+ 32. Kf1 Rd7 33. a7 Ra8 34. Bb8 Rd3 35. Ke2 Rxc3 36. Rxc3 Bxc3 37. Ra6 c5 38. Kd3 Bd4 39. Kc4 Bg1 40. h3 Kf8 41. Kd5 Ke8 42. Kc6 c4 43. Kb7 c3 44. Kxa8 Bd4 45. Rc6 Bc5 46. Rxc5 1-0

[Event "Titled Tuesday intern op 07th Jun Early"]
[Site "Chess.com INT"]
[Date "2022.06.07"]
[Round "1"]
[White "Gronnestad, Anita"]
[Black "Tomb, Maroun"]
[Result "0-1"]
[WhiteElo "1968"]
[BlackElo "2090"]
[PlyCount "104"]
[EventDate "2022.06.07"]
[EventType "swiss (blitz)"]
[EventRounds "11"]
[EventCountry "USA"]
[SourceTitle "CBM 208 Extra"]
[Source "ChessBase"]
[SourceDate "2022.07.31"]
[SourceVersion "1"]
[SourceVersionDate "2022.07.31"]
[SourceQuality "1"]

1. d4 Nf6 2. c4 e6 3. Nf3 Bb4+ 4. Bd2 a5 5. Nc3 0-0 6. g3 b6 7. Bg2 Bb7 8. 0-0 d6 9. a3 Bxc3 10. Bxc3 Ne4 11. Rc1 Nxc3 12. Rxc3 a4 13. Qc2 Nc6 14. e3 Ra5 15. h4 h6 16. Rd3 Qa8 17. d5 exd5 18. cxd5 Rc5 19. Qd1 Ne7 20. e4 Ba6 21. Re1 Bxd3 22. Qxd3 Ng6 23. Nd4 Ne5 24. Qd1 Re8 25. f4 Nd7 26. Nf5 Kh7 27. Qg4 g6 28. Nxh6 Nf6 29. Qg5 Rxd5 30. Qxf6 Kxh6 31. Qxf7 Rd2 32. Qxc7 b5 33. Qc1 Qa7+ 34. Kh2 Qf2 35. Rg1 Rxe4 36. Qc8 Qd4 37. Kh3 Ree2 38. Kh2 Qxb2 39. Qf8+ Qg7 40. Qd8 Qe7 41. Qh8+ Qh7 42. Qf8+ Qg7 43. Qd8 Kh7 44. Kh3 Qe7 45. Qc8 Qe6+ 46. Qxe6 Rxe6 47. Bf3 Re3 48. Bg4 Rdd3 49. h5 Rxa3 50. hxg6+ Kxg6 51. f5+ Kg5 52. Rd1 Rxg3+ 0-1

[Event "Titled Tuesday intern op 07th Jun Early"]
[Site "Chess.com INT"]
[Date "2022.06.07"]
[Round "5"]
[White "Nguyen, Quoc Hy"]
[Black "Gronnestad, Anita"]
[Result "1-0"]
[WhiteElo "2268"]
[BlackElo "1968"]
[PlyCount "79"]
[EventDate "2022.06.07"]
[EventType "swiss (blitz)"]
[EventRounds "11"]
[EventCountry "USA"]
[SourceTitle "CBM 208 Extra"]
[Source "ChessBase"]
[SourceDate "2022.07.31"]
[SourceVersion "1"]
[SourceVersionDate "2022.07.31"]
[SourceQuality "1"]

1. d4 d5 2. c4 e6 3. Nc3 Nf6 4. cxd5 exd5 5. Bg5 Be7 6. e3 0-0 7. Bd3 Be6 8. f4 h6 9. Bxf6 Bxf6 10. Nf3 c5 11. dxc5 d4 12. Nxd4 Bxd4 13. exd4 Qh4+ 14. g3 Qh3 15. Bf1 Qf5 16. Qd3 Qg4 17. h3 Qh5 18. Be2 Qf5 19. Qxf5 Bxf5 20. d5 Re8 21. Kf2 Nd7 22. b4 a5 23. a3 Bc2 24. Rhc1 Bb3 25. Bf3 Nf6 26. d6 Rab8 27. Re1 Red8 28. Re7 b6 29. Rc1 bxc5 30. bxc5 Rbc8 31. Nb5 Ba4 32. Na7 Rb8 33. Rb7 Ra8 34. Nc6 Re8 35. d7 Nxd7 36. Rxd7 Rac8 37. Ne7+ Kh7 38. Nxc8 Bxd7 39. Nd6 Rb8 40. Be4+ 1-0

[Event "Titled Tuesday intern op 07th Jun Early"]
[Site "Chess.com INT"]
[Date "2022.06.07"]
[Round "10"]
[White "Tsukerman, Julia"]
[Black "Gronnestad, Anita"]
[Result "0-1"]
[WhiteElo "1523"]
[BlackElo "1968"]
[PlyCount "84"]
[EventDate "2022.06.07"]
[EventType "swiss (blitz)"]
[EventRounds "11"]
[EventCountry "USA"]
[SourceTitle "CBM 208 Extra"]
[Source "ChessBase"]
[SourceDate "2022.07.31"]
[SourceVersion "1"]
[SourceVersionDate "2022.07.31"]
[SourceQuality "1"]

1. e4 c6 2. d4 d5 3. exd5 cxd5 4. Bd3 Nc6 5. c3 Nf6 6. h3 e5 7. dxe5 Nxe5 8. Nf3 Nxd3+ 9. Qxd3 Bd6 10. 0-0 0-0 11. Bg5 Be6 12. Nd4 Re8 13. Nd2 h6 14. Bh4 Be5 15. N2f3 Bf4 16. Rfe1 g5 17. Bg3 Bxg3 18. fxg3 Ne4 19. Nxe6 Rxe6 20. Nd4 Qb6 21. Kh2 Rf6 22. b3 Rc8 23. Rac1 Rf2 24. Re2 Qf6 25. Rxf2 Qxf2 26. Rc2 Qf6 27. c4 Qe5 28. Re2 f5 29. cxd5 Qxd5 30. Qb5 Qxb5 31. Nxb5 a6 32. Nd4 Nc3 33. Rf2 b5 34. Nxf5 Kh7 35. Nd4 Kg6 36. h4 b4 37. hxg5 hxg5 38. g4 Rh8+ 39. Kg3 Ne4+ 40. Kf3 Nxf2 41. Kxf2 Rd8 42. Ke2 Rxd4 0-1

[Event "Titled Tuesday intern op 24th May Early"]
[Site "Chess.com INT"]
[Date "2022.05.24"]
[Round "7"]
[White "Fernandez Siles, Luis"]
[Black "Gronnestad, Anita"]
[Result "1-0"]
[WhiteElo "2242"]
[BlackElo "1968"]
[PlyCount "43"]
[EventDate "2022.05.24"]
[EventType "swiss (blitz)"]
[EventRounds "11"]
[EventCountry "USA"]
[SourceTitle "EXT 2023"]
[Source "ChessBase"]
[SourceDate "2022.10.05"]
[SourceVersion "1"]
[SourceVersionDate "2022.10.05"]
[SourceQuality "1"]

1. e4 c5 2. Nf3 g6 3. d4 cxd4 4. Qxd4 Nf6 5. Nc3 Nc6 6. Qa4 d6 7. e5 dxe5 8. Nxe5 Bg7 9. Nxc6 bxc6 10. Qxc6+ Bd7 11. Qf3 0-0 12. Bd3 Rb8 13. 0-0 a5 14. Rb1 Qb6 15. Bf4 Bc6 16. Qe2 Rb7 17. Rfe1 Nh5 18. Be5 f6 19. Bg3 Nxg3 20. hxg3 e5 21. Be4 Rd8 22. Qc4+ 1-0

[Event "Fagernes op"]
[Site "Fagernes"]
[Date "2022.04.17"]
[Round "9"]
[White "Royset, Pal"]
[Black "Gronnestad, Anita"]
[Result "1/2-1/2"]
[WhiteElo "2133"]
[BlackElo "1941"]
[PlyCount "99"]
[EventDate "2022.04.10"]
[EventType "swiss"]
[EventRounds "9"]
[EventCountry "NOR"]
[SourceTitle "CBM 207 Extra"]
[Source "ChessBase"]
[SourceDate "2022.05.31"]
[SourceVersion "1"]
[SourceVersionDate "2022.05.31"]
[SourceQuality "1"]

1. e4 c5 2. Nf3 g6 3. c3 Bg7 4. d4 cxd4 5. cxd4 d5 6. e5 Bg4 7. Qb3 Qd7 8. Bb5 Nc6 9. 0-0 Bxf3 10. Qxf3 Nh6 11. Nc3 a6 12. Bxc6 bxc6 13. Na4 Qa7 14. Bxh6 Bxh6 15. Nc5 0-0 16. Rad1 e6 17. Rd3 Rfb8 18. b3 Bf8 19. Rc1 Rb5 20. Rdc3 Rab8 21. Nd3 Ba3 22. Rd1 Qxd4 23. Rxc6 Qa7 24. Qf4 a5 25. Qa4 Qe7 26. g3 Kg7 27. Rd2 Bb4 28. Rdc2 Qg5 29. Rc7 Qf5 30. Nxb4 Rxb4 31. Qxa5 Qxe5 32. Qc5 Re4 33. Kg2 h5 34. Qe7 Qf6 35. f3 Re3 36. Qxf6+ Kxf6 37. Kf2 Re5 38. Rd7 g5 39. Rcc7 Rf8 40. b4 g4 41. Rc3 Ra8 42. a3 Kg6 43. b5 d4 44. Rxd4 Rxb5 45. fxg4 Rb2+ 46. Kg1 Ra2 47. gxh5+ Kxh5 48. Rf4 Kg6 49. Rff3 Rb8 50. Rb3 1/2-1/2

[Event "Bergen Grand Prix"]
[Site "Bergen"]
[Date "2019.11.16"]
[Round "3"]
[White "Flatebo, Hallvard Haug"]
[Black "Gronnestad, Anita"]
[Result "0-1"]
[WhiteElo "1837"]
[BlackElo "1952"]
[PlyCount "60"]
[EventDate "2019.11.15"]
[EventType "swiss"]
[EventRounds "5"]
[EventCountry "NOR"]
[SourceTitle "CBM 193 Extra"]
[Source "ChessBase"]
[SourceDate "2020.01.31"]
[SourceVersion "1"]
[SourceVersionDate "2020.01.31"]
[SourceQuality "1"]

1. d4 d5 2. Nf3 Nf6 3. g3 Bf5 4. Bg2 e6 5. 0-0 Bd6 6. Nbd2 h6 7. c4 c6 8. Qb3 b6 9. Ne5 Qc7 10. Ndf3 Ne4 11. Be3 f6 12. Nd3 0-0 13. Rac1 Qe7 14. Rfd1 Nd7 15. Nd2 Nxd2 16. Rxd2 Rac8 17. Rdc2 Rcd8 18. Qa4 dxc4 19. Qxc4 c5 20. dxc5 Nxc5 21. Bxc5 Bxc5 22. Be4 Rd4 23. Qb5 Bxe4 24. Rc4 Bxd3 25. exd3 Rd5 26. Qb3 Qd7 27. Rd1 Rd8 28. Re4 Bd4 29. Rde1 Re5 30. Kg2 Qd5 0-1

[Event "Straume Bronstein Cup A"]
[Site "Straume"]
[Date "2019.10.27"]
[Round "2"]
[White "Gronnestad, Anita"]
[Black "Nordnes, Tor Gunnar"]
[Result "1-0"]
[WhiteElo "1930"]
[BlackElo "1755"]
[PlyCount "67"]
[EventDate "2019.10.27"]
[EventType "swiss (rapid)"]
[EventRounds "6"]
[EventCountry "NOR"]
[SourceTitle "EXT 2024"]
[Source "ChessBase"]
[SourceDate "2023.10.10"]
[SourceVersion "1"]
[SourceVersionDate "2023.10.10"]
[SourceQuality "1"]

1. d4 d5 2. Bg5 Nf6 3. Bxf6 exf6 4. e3 Bd6 5. c4 dxc4 6. Bxc4 0-0 7. Ne2 c6 8. Nbc3 Qa5 9. 0-0 Qh5 10. Ng3 Qxd1 11. Rfxd1 Nd7 12. Nf5 Bc7 13. Bb3 Nb6 14. Ne7+ Kh8 15. Nxc8 Nxc8 16. d5 cxd5 17. Nxd5 Bd6 18. Rac1 Be5 19. Rc2 Nb6 20. Nxb6 axb6 21. f4 Bb8 22. Rd7 b5 23. Bxf7 Ba7 24. Kf2 Bb6 25. Rxb7 Rab8 26. Rd7 g6 27. Rc6 Kg7 28. Bd5+ Kh6 29. Rdd6 Bd8 30. g4 b4 31. h4 f5 32. g5+ Kh5 33. Bf3+ Kxh4 34. Rd1 1-0

[Event "Straume Bronstein Cup A"]
[Site "Straume"]
[Date "2019.10.27"]
[Round "5"]
[White "Gullaksen, Eirik Tvedt"]
[Black "Gronnestad, Anita"]
[Result "1-0"]
[WhiteElo "2321"]
[BlackElo "1930"]
[PlyCount "73"]
[EventDate "2019.10.27"]
[EventType "swiss (rapid)"]
[EventRounds "6"]
[EventCountry "NOR"]
[SourceTitle "EXT 2024"]
[Source "ChessBase"]
[SourceDate "2023.10.10"]
[SourceVersion "1"]
[SourceVersionDate "2023.10.10"]
[SourceQuality "1"]

1. e4 Nf6 2. e5 Nd5 3. d4 d6 4. c4 Nb6 5. exd6 exd6 6. Bd3 Be7 7. Ne2 Bg4 8. 0-0 0-0 9. f3 Bh5 10. Be3 Re8 11. Nbc3 Nc6 12. b3 Bg6 13. Bxg6 hxg6 14. Qd2 Bf6 15. d5 Ne5 16. Bd4 Nbd7 17. Ng3 a6 18. Nge4 Rb8 19. Rac1 Qe7 20. Rfe1 Bh4 21. Re2 f5 22. Nf2 Bxf2+ 23. Bxf2 Qf6 24. Rce1 g5 25. Bd4 Re7 26. h4 g4 27. f4 Qxh4 28. fxe5 g3 29. exd6 Qh2+ 30. Kf1 Qh1+ 31. Bg1 Rxe2 32. Qxe2 Nf6 33. dxc7 Rc8 34. Qe6+ Kh7 35. Qxf5+ Kh6 36. Qxc8 Qh4 37. Qh3 1-0